| 000 | 00405cam a2200169ua 4500 | ||
|---|---|---|---|
| 020 | _c10.60 | ||
| 041 |
_aeng _h |
||
| 082 |
_a823.308 _bSCO/AN |
||
| 100 | _aScott, Walter . | ||
| 245 |
_aAntiquary / _cWalter Scott. _hTextual Documents |
||
| 260 |
_aNewyork : _bLondon j m dent &sons ltd , _c1960. |
||
| 300 | _a420 ; . | ||
| 365 | _a10.60 | ||
| 504 | _a | ||
| 942 | _cBK | ||
| 999 |
_c2738 _d2738 |
||